One Piece East Blue Characters - Statistics

General Stats
  • This quiz has been taken 507 times
  • The average score is 37 of 59
Answer Stats
Picture Answer % Correct
Monkey D. Luffy
99%
Roronoa Zoro
99%
Nami
98%
Shanks
98%
Sanji
97%
Usopp
97%
Buggy
92%
Koby
90%
Smoker
88%
Yasopp
88%
Alvida
87%
Dracule Mihawk
87%
Gol D. Roger
87%
Arlong
86%
Captain Morgan
86%
Monkey D. Dragon
84%
Helmeppo
81%
Kuro
81%
Zeff
80%
Don Krieg
78%
Kaya
76%
Kuina
76%
Tashigi
75%
Benn Beckman
73%
Jango
68%
Gin
66%
Merry
66%
Lucky Roux
65%
Hatchan
62%
Gaimon
61%
Nojiko
61%
Johnny
60%
Makino
57%
Bell-mère
55%
Richie
55%
Pearl
54%
Cabaji
53%
Fullbody
51%
Tamanegi
51%
Chouchou
48%
Ninjin
46%
Patty
45%
Yosaku
45%
Chew
43%
Genzo
43%
Mohji
43%
Higuma
42%
Piiman
42%
Kuroobi
36%
Momoo
33%
Nezumi
32%
Woop Slap
32%
Rika
29%
Sham
29%
Carne
28%
Buchi
27%
Banchina
22%
Boodle
19%
Koushirou
17%
No matching quizzes found
Score Distribution
Percent of People with Each Score
Percentile by Number Answered
Your Score History
You have not taken this quiz